LEADER 00696naa a2200145 i 4500 001 000000300769 003 CaOOAMICUS 005 20180831172709.0 008 180831n xx u000 u und u 013 $a8491 040 $aSeMil$bita 100 1 $aLambrecht, Jan,$c.$0(OLS)http://semarc/name/20035 245 10$a"Reconcile yourselves ..." :$ba Reading of 2 Cor 5,11-21. 773 0 $tDiakonía of the Spirit (2 Co 4:7 - 7:4).$dRome : St Paul's Abbey, 1989.$kMonographic series of Benedictina. Biblical-ecumenical section = Serie monografica di «Benedictina». Sezione biblico-ecumenica$w()34855 996 $6245$a"Reconcile yourselves ..." :$ba Reading of 2 Cor 5,11-21$9(OLS)http://semarc/title/376784 LEADER 01068nam a2200277 i 4500 001 000000191010 003 CaOOAMICUS 005 20151221000000.0 008 151221s1989 it u000 u ita u 013 $a169489 020 $a88-215-1797-7 040 $aSeMil$bita 100 1 $aDaniel-Rops,$c.$0(OLS)http://semarc/name/5511 245 10$aBreve storia di Gesù Cristo /$cDaniel-Rops. 250 $a3. ed. 260 $aRoma :$bPaoline,$c1989. 300 $a183 p. ;$c21 cm. 490 0 $aLe ragioni della speranza ;$v6 650 4$aGesù Cristo - Storia.$0(OLS)http://semarc/subject/4721 830 3$aLe ragioni della speranza ;$v6.$0(OLS)http://semarc/title/9923 850 $aSeMil 852 $aSeMil$W1$xVenegono$y1$m3C III 85$j141624$B141624$CSeMilBibl$Z2$F209063 $81 961 $aLascito: Milani don Felice 996 $6020$a88-215-1797-7$9(OLS)http://semarc/number/182034 996 $6245$aBreve storia di Gesù Cristo$9(OLS)http://semarc/title/275244 996 $6260$aRoma :$bPaoline$9(OLS)http://semarc/publisher/29686